[Event "Szczawno Festival IM 2018"]
[Site "Szczawno"]
[Date "2018.12.18"]
[Round "5"]
[White "Chylewski, Patryk"]
[Black "Sergeev, Vladimir"]
[Result "1/2-1/2"]
[WhiteElo "2268"]
[BlackElo "2402"]
[Annotator "ChessBase"]
[PlyCount "229"]
[EventDate "2018.12.14"]
[EventType "tourn"]
[EventCountry "POL"]
[SourceTitle "playchess.com"]
[Source "ChessBase"]
[SourceQuality "1"]
[TimeControl "40/5400+30:900+30"]

1. d4 {[%emt 0:00:00]} d6 {[%emt 0:00:00]} 2. Nf3 {[%emt 0:02:41]} g6 {[%emt 0:00:47]} 3. c4 {[%emt 0:00:18]} Bg7 {[%emt 0:00:02]} 4. Nc3 {[%emt 0:00:22]} Nf6 {[%emt 0:00:56]} 5. e4 {[%emt 0:00:07]} O-O {[%emt 0:00:13]} 6. Be2 {[%emt 0:00:04]} Na6 {[%emt 0:01:47]} 7. O-O {[%emt 0:00:06]} e5 {[%emt 0:00:09]} 8. dxe5 {[%emt 0:03:36]} dxe5 {[%emt 0:00:59]} 9. Be3 {[%emt 0:00:06]} Ng4 {[%emt 0:01:38]} 10. Qxd8 {[%emt 0:04:32]} Rxd8 {[%emt 0:00:08]} 11. Rad1 {[%emt 0:00:03]} Re8 {[%emt 0:08:59]} 12. Bc1 {[%emt 0:02:37]} c6 {[%emt 0:00:53]} 13. a3 {[%emt 0:08:16]} Nc5 {[%emt 0:06:46]} 14. b4 {[%emt 0:10:13]} Nb3 {[%emt 0:00:24]} 15. h3 {[%emt 0:18:35]} Nxc1 {[%emt 0:02:33]} 16. Rxc1 {[%emt 0:00:06]} Nf6 {[%emt 0:01:51]} 17. c5 {[%emt 0:07:37]} Nh5 {[%emt 0:20:02]} 18. Bc4 {[%emt 0:04:14]} h6 {[%emt 0:11:23]} 19. Nd2 {[%emt 0:04:07]} Nf4 {[%emt 0:00:11]} 20. Rfd1 {[%emt 0:01:16]} b6 {[%emt 0:12:38]} 21. b5 {[%emt 0:09:29]} Bb7 {[%emt 0:03:04]} 22. bxc6 {[%emt 0:01:57]} Bxc6 {[%emt 0:00:04]} 23. Nb5 {[%emt 0:02:08]} Bxb5 {[%emt 0:02:08]} 24. Bxb5 {[%emt 0:00:08]} Rec8 {[%emt 0:00:12]} 25. cxb6 {[%emt 0:03:10]} axb6 {[%emt 0:03:43]} 26. a4 {[%emt 0:00:25]} Bf8 {[%emt 0:11:49]} 27. Kf1 {[%emt 0:08:22]} Rxc1 {[%emt 0:02:13]} 28. Rxc1 {[%emt 0:00:03]} Bc5 {[%emt 0:00:50]} 29. Nb3 {[%emt 0:02:24]} Bb4 {[%emt 0:02:34]} 30. h4 {[%emt 0:01:51]} Ra7 {[%emt 0:00:39]} 31. Rc6 {[%emt 0:01:31]} Ba5 {[%emt 0:00:10]} 32. g3 {[%emt 0:00:54]} Nh5 {[%emt 0:00:19]} 33. Ke2 {[%emt 0:01:10]} Kg7 {[%emt 0:00:02]} 34. Kd3 {[%emt 0:01:26]} Nf6 {[%emt 0:00:01]} 35. Nxa5 {[%emt 0:00:47]} bxa5 {[%emt 0:00:01]} 36. Ra6 {[%emt 0:01:05]} Rc7 {[%emt 0:03:31]} 37. Rxa5 {[%emt 0:00:28]} Ng4 {[%emt 0:00:01]} 38. f4 {[%emt 0:01:05]} Nf2+ {[%emt 0:00:30]} 39. Ke3 {[%emt 0:00:22]} Ng4+ {[%emt 0:00:20]} 40. Kd3 {[%emt 0:00:00]} Nf2+ {[%emt 0:00:00]} 41. Ke3 {[%emt 0:07:28]} Ng4+ {[%emt 0:00:30]} 42. Ke2 {[%emt 0:02:52]} Rc2+ {[%emt 0:05:23]} 43. Kd3 {[%emt 0:00:50]} Rg2 {[%emt 0:00:02]} 44. fxe5 {[%emt 0:00:20]} Nxe5+ {[%emt 0:00:17]} 45. Kd4 {[%emt 0:00:34]} Nf3+ {[%emt 0:00:17]} 46. Ke3 {[%emt 0:01:23]} Nh2 {[%emt 0:01:28]} 47. Kf4 {[%emt 0:03:39]} h5 {[%emt 0:00:16]} 48. Ra7 {[%emt 0:01:03]} Ng4 {[%emt 0:00:14]} 49. e5 {[%emt 0:00:14]} Kh6 {[%emt 0:06:22]} 50. a5 {[%emt 0:02:30]} Rd2 {[%emt 0:05:22]} 51. a6 {[%emt 0:00:30]} Rd4+ {[%emt 0:00:06]} 52. Kf3 {[%emt 0:00:05]} Nxe5+ {[%emt 0:00:22]} 53. Ke2 {[%emt 0:00:58]} Rb4 {[%emt 0:01:52]} 54. Rb7 {[%emt 0:00:21]} Rb3 {[%emt 0:00:14]} 55. Ba4 {[%emt 0:00:47]} Ra3 {[%emt 0:00:10]} 56. Rb4 {[%emt 0:00:32]} Nc6 {[%emt 0:00:10]} 57. Bxc6 {[%emt 0:00:28]} Rxa6 {[%emt 0:00:01]} 58. Bb7 {[%emt 0:00:58]} Ra2+ {[%emt 0:00:24]} 59. Kf3 {[%emt 0:00:07]} Ra3+ {[%emt 0:00:47]} 60. Kf4 {[%emt 0:00:21]} f6 {[%emt 0:01:34]} 61. Rb6 {[%emt 0:00:59]} Ra4+ {[%emt 0:00:06]} 62. Kf3 {[%emt 0:00:07]} Ra3+ {[%emt 0:00:06]} 63. Kg2 {[%emt 0:00:34]} Ra2+ {[%emt 0:00:05]} 64. Kh3 {[%emt 0:00:26]} Rf2 {[%emt 0:00:02]} 65. Bg2 {[%emt 0:00:35]} Kg7 {[%emt 0:03:19]} 66. Kh2 {[%emt 0:00:17]} Ra2 {[%emt 0:00:07]} 67. Rb7+ {[%emt 0:00:09]} Kh6 {[%emt 0:00:02]} 68. Rb6 {[%emt 0:00:04]} Kg7 {[%emt 0:00:06]} 69. Rb4 {[%emt 0:00:31]} Kh6 {[%emt 0:00:09]} 70. Rf4 {[%emt 0:00:06]} Kg7 {[%emt 0:00:11]} 71. Kg1 {[%emt 0:00:25]} Ra1+ {[%emt 0:00:26]} 72. Bf1 {[%emt 0:01:36]} Ra2 {[%emt 0:01:00]} 73. Bc4 {[%emt 0:00:05]} Rc2 {[%emt 0:00:06]} 74. Kf1 {[%emt 0:00:24]} Rc3 {[%emt 0:00:59]} 75. Kf2 {[%emt 0:00:11]} Rc2+ {[%emt 0:00:08]} 76. Ke3 {[%emt 0:00:30]} Rc3+ {[%emt 0:00:20]} 77. Bd3 {[%emt 0:00:10]} Rc7 {[%emt 0:00:24]} 78. Rf3 {[%emt 0:01:23]} Re7+ {[%emt 0:00:19]} 79. Kd4 {[%emt 0:01:19]} Rd7+ {[%emt 0:00:15]} 80. Ke4 {[%emt 0:00:13]} Re7+ {[%emt 0:00:06]} 81. Kd5 {[%emt 0:00:45]} Re5+ {[%emt 0:00:40]} 82. Kd6 {[%emt 0:00:44]} Re1 {[%emt 0:00:10]} 83. Bc4 {[%emt 0:00:22]} Rd1+ {[%emt 0:00:57]} 84. Ke7 {[%emt 0:00:36]} Re1+ {[%emt 0:00:17]} 85. Kd6 {[%emt 0:00:30]} Rd1+ {[%emt 0:00:18]} 86. Bd5 {[%emt 0:00:26]} Ra1 {[%emt 0:00:27]} 87. Bb3 {[%emt 0:00:28]} Ra6+ {[%emt 0:00:15]} 88. Kd5 {[%emt 0:00:04]} Ra5+ {[%emt 0:00:06]} 89. Ke4 {[%emt 0:00:06]} Re5+ {[%emt 0:00:14]} 90. Kd4 {[%emt 0:00:13]} Re8 {[%emt 0:00:38]} 91. Rc3 {[%emt 0:00:16]} Rd8+ {[%emt 0:00:26]} 92. Ke4 {[%emt 0:00:08]} Re8+ {[%emt 0:00:09]} 93. Kf3 {[%emt 0:00:19]} Re7 {[%emt 0:00:09]} 94. Bc2 {[%emt 0:00:13]} Rd7 {[%emt 0:00:30]} 95. Rc4 {[%emt 0:00:12]} Kh6 {[%emt 0:01:20]} 96. Rf4 {[%emt 0:00:44]} Rd6 {[%emt 0:00:09]} 97. Ke3 {[%emt 0:03:00]} Re6+ {[%emt 0:00:18]} 98. Kf2 {[%emt 0:00:26]} Rc6 {[%emt 0:00:08]} 99. Bd1 {[%emt 0:00:13]} Rd6 {[%emt 0:00:08]} 100. Be2 {[%emt 0:00:08]} Re6 {[%emt 0:00:13]} 101. Rb4 {[%emt 0:00:40]} Re7 {[%emt 0:00:07]} 102. g4 {[%emt 0:00:38]} hxg4 {[%emt 0:00:07]} 103. Rxg4 {[%emt 0:00:04]} f5 {[%emt 0:00:56]} 104. Ra4 {[%emt 0:01:02]} Re4 {[%emt 0:01:00]} 105. Rxe4 {[%emt 0:00:51]} fxe4 106. Kg3 {[%emt 0:00:04]} g5 {[%emt 0:00:12]} 107. h5 {[%emt 0:00:08]} g4 {[%emt 0:00:14]} 108. Kxg4 {[%emt 0:00:22]} e3 {[%emt 0:00:11]} 109. Kf5 {[%emt 0:00:03]} Kg7 {[%emt 0:00:04]} 110. Kg5 {[%emt 0:00:03]} Kh7 {[%emt 0:00:06]} 111. h6 {[%emt 0:00:03]} Kh8 {[%emt 0:00:05]} 112. Kg6 {[%emt 0:00:04]} Kg8 {[%emt 0:00:05]} 113. h7+ {[%emt 0:00:05]} Kh8 {[%emt 0:00:03]} 114. Bc4 {[%emt 0:00:04]} e2 {[%emt 0:00:04]} 115. Bxe2 1/2-1/2

[Event "Szczawno Festival IM 2018"]
[Site "Szczawno"]
[Date "2018.12.18"]
[Round "5"]
[White "Fus, Jakub"]
[Black "Simantsev, Mikhail"]
[Result "1-0"]
[WhiteElo "2265"]
[BlackElo "2404"]
[Annotator "ChessBase"]
[PlyCount "61"]
[EventDate "2018.12.14"]
[EventType "tourn"]
[EventCountry "POL"]
[SourceTitle "playchess.com"]
[Source "ChessBase"]
[SourceQuality "1"]
[TimeControl "40/5400+30:900+30"]

1. d4 {[%emt 0:00:00]} Nf6 {[%emt 0:09:01]} 2. c4 {[%emt 0:00:00]} e6 {[%emt 0:01:16]} 3. Nf3 {[%emt 0:00:10]} b6 {[%emt 0:00:21]} 4. g3 {[%emt 0:00:21]} Bb7 {[%emt 0:02:22]} 5. Bg2 {[%emt 0:00:36]} Be7 {[%emt 0:00:18]} 6. O-O {[%emt 0:00:27]} O-O {[%emt 0:00:05]} 7. Re1 {[%emt 0:00:28]} Qc8 {[%emt 0:12:04]} 8. Nc3 {[%emt 0:02:00]} Ne4 {[%emt 0:06:31]} 9. Bd2 {[%emt 0:00:50]} d6 {[%emt 0:20:24]} 10. d5 {[%emt 0:03:03]} Nxd2 {[%emt 0:04:45]} 11. Nxd2 {[%emt 0:05:30]} e5 {[%emt 0:00:04]} 12. e4 {[%emt 0:00:36]} Nd7 {[%emt 0:00:22]} 13. Qc2 {[%emt 0:01:22]} Bg5 {[%emt 0:05:48]} 14. b4 {[%emt 0:03:46]} g6 {[%emt 0:03:54]} 15. h4 {[%emt 0:01:47]} Bh6 {[%emt 0:03:21]} 16. Bh3 {[%emt 0:00:16]} Qd8 {[%emt 0:00:42]} 17. Nb3 {[%emt 0:06:21]} Bc8 {[%emt 0:01:12]} 18. a4 {[%emt 0:17:04]} Nf6 {[%emt 0:05:54]} 19. Bg2 {[%emt 0:00:57]} Ng4 {[%emt 0:02:18]} 20. c5 {[%emt 0:04:07]} bxc5 {[%emt 0:02:09]} 21. bxc5 {[%emt 0:00:10]} f5 {[%emt 0:00:18]} 22. exf5 {[%emt 0:11:37]} Bxf5 {[%emt 0:06:21]} 23. Qe2 {[%emt 0:06:17]} Rb8 {[%emt 0:03:58]} 24. Na5 {[%emt 0:00:14]} Qd7 {[%emt 0:02:04]} 25. Ra2 {[%emt 0:06:50]} Rbe8 {[%emt 0:03:04]} 26. Ne4 {[%emt 0:08:15]} Rb8 {[%emt 0:02:37]} 27. Nc6 {[%emt 0:02:10]} Rb3 {[%emt 0:01:05]} 28. Qc4 {[%emt 0:01:01]} Rb7 {[%emt 0:00:06]} 29. a5 {[%emt 0:03:06]} Bxe4 {[%emt 0:01:29]} 30. Qxe4 {[%emt 0:01:14]} Qf5 {[%emt 0:00:32]} 31. Ne7+ {[%emt 0:00:05]} 1-0

[Event "Szczawno Festival IM 2018"]
[Site "Szczawno"]
[Date "2018.12.18"]
[Round "5"]
[White "Sliwicka, Alicja"]
[Black "Kislinsky, Alexey"]
[Result "1/2-1/2"]
[WhiteElo "2236"]
[BlackElo "2425"]
[Annotator "TA"]
[PlyCount "182"]
[EventDate "2018.12.14"]
[EventType "tourn"]
[EventCountry "POL"]
[SourceTitle "playchess.com"]
[Source "ChessBase"]
[SourceQuality "1"]

{[%evp 16,181,51,40,50,56,69,22,57,60,54,54,60,37,37,36,42,0,7,4,10,23,59,0,0,0,0,0,0,0,27,20,63,3,22,28,90,68,73,78,87,56,67,22,30,14,45,46,74,53,139,26,27,33,6,0,0,0,0,-12,-12,-14,-15,-14,-14,-19,0,0,0,0,0,0,0,0,0,0,0,0,0,0,9,-8,0,-7,0,0,0,0,0,0,0,0,0,0,0,0,0,0,0,-12,-12,-12,-20,-20,-24,-24,-24,-62,-28,-45,0,0,0,0,0,-63,-63,-89,-89,-89,-89,-89,-89,-89,-89,-89,0,0,0,-89,-89,-89,-89,-89,-89,-121,-121,-121,0,-121,-120,-120,-120,-120,-120,-121,-89,-120,-120,-120,-120,-120,-120,-120,0,-120,-28,-120,-120,-120,-120,-120,-120,-120,0,0,0,0]} 1. e4 d6 2. d4 Nf6 3. Nc3 e5 4. Nf3 Nbd7 5. Bc4 Be7 6. O-O c6 7. a4 a5 {C41: Philidor Defence} 8. Re1 h6 (8... O-O 9. h3 h6 10. Be3 Qc7 11. d5 Rd8 12. Qd3 Nc5 13. Bxc5 dxc5 14. Qe3 Nh5 15. Rad1 Rb8 16. dxc6 Rxd1 17. Nxd1 bxc6 18. Qc3 {½-½ (83) Karjakin,S (2771)-Jobava,B (2713) Dubai 2014}) 9. Ba2 {LiveBook: 4 Games} Qc7 {White is slightly better.} 10. h3 g5 11. Nh2 Nf8 12. Be3 Ng6 13. Qe2 $146 ({Predecessor:} 13. Qf3 Nf4 14. Rad1 {½-½ (40) Perez,M (2399)-Torres,F (2150) Villa Tehuelches 2017}) 13... O-O 14. Ng4 Nxg4 15. hxg4 Nf4 16. Qf3 Qd7 17. g3 Ng6 (17... Nh3+ $6 18. Kg2 $16) 18. Qf5 d5 19. exd5 (19. Qxd7 $1 $14 Bxd7 20. exd5) 19... Qxf5 $11 20. gxf5 Bxf5 21. dxe5 Nxe5 {Hoping for ...Nf3+.} 22. Kg2 $36 {[%mdl 2048] White is more active.} Ng6 23. Bb3 Bf6 24. Bc5 (24. dxc6 $14 bxc6 25. Rad1) 24... Rfd8 25. Rad1 h5 (25... Bxc3 $11 26. bxc3 cxd5) 26. Ne4 $16 Bxe4+ $1 27. Rxe4 cxd5 28. Bxd5 Rd7 29. c4 Kg7 30. Rde1 h4 31. b3 Rh8 32. Re8 Rh5 (32... Rxe8 $14 33. Rxe8 hxg3) 33. Rb8 (33. Bb6 $16) 33... g4 $1 $11 34. Re4 h3+ 35. Kh2 Rhxd5 36. cxd5 Rxd5 37. Be3 Ne5 38. Rxe5 $1 Bxe5 39. Rxb7 {[%mdl 4096] Endgame Strongly threatening Rb5. KRB-KRB} Kf6 40. b4 axb4 41. Rxb4 Kf5 42. Bb6 Rd3 43. a5 Ra3 44. Rc4 f6 45. Rb4 Bc3 46. Rf4+ Kg5 47. Rc4 {Threatens to win with Bc5.} Bd2 48. Rc5+ Kg6 49. Rc4 Kf5 50. Rc2 Bb4 51. Rc4 Bd6 52. Rd4 Be5 53. Rc4 Ra2 54. Rb4 Bc3 55. Rc4 Bd2 56. Kg1 Kg5 57. Rc5+ Kg6 58. Rc4 f5 59. Rc6+ Kf7 60. Rc5 Ke6 61. Bc7 Ra1+ 62. Kh2 Be1 63. Re5+ $1 Kf6 64. Re2 $1 Bc3 65. Re3 ({White should play} 65. f4 $11) 65... Bd4 $15 66. Re2 Rf1 $1 67. Bd8+ {[#]} Kf7 $1 68. Bb6 Bxb6 69. axb6 $17 {KR-KR} Rb1 70. f3 Kf6 ({Much weaker is} 70... gxf3 $6 71. Rf2 $11) (70... Rxb6 $17 {And now ...Kg6 would win.} 71. fxg4 fxg4) 71. fxg4 $1 $11 fxg4 72. Rf2+ (72. Re4 $1 $11) 72... Kg5 $17 73. Ra2 Rxb6 74. Ra5+ Kg6 75. Rc5 Rb2+ 76. Kh1 Re2 (76... Rb4 $17 {White must now prevent ...Rb1+.} 77. Re5 Rb1+ 78. Kh2 Rb2+ 79. Kh1 Rb3) 77. Ra5 (77. Rc4 $1 $11) 77... Kf6 78. Ra4 Kf5 79. Rf4+ Kg5 80. Rf8 Re6 81. Rf4 Rf6 82. Ra4 Rf1+ 83. Kh2 Rf2+ 84. Kh1 Kf5 (84... Rc2 $17 85. Ra8 Rc4) 85. Rb4 {[#]} (85. Ra8 $1 $11 Rg2 86. Ra5+ Kf6 87. Ra6+ Ke5 88. Ra5+ Kf6 89. Ra6+ Ke5 90. Ra5+ Ke6 91. Ra3) 85... Rf3 ({Better is} 85... Rc2 $1 $17 86. Rf4+ Kg5) 86. Kh2 (86. Rb5+ $11 {remains equal.} Ke6 87. Rb6+ Kd5 88. Kh2) 86... Re3 87. Rf4+ Kg5 88. Ra4 Re2+ 89. Kh1 Rg2 (89... Re8 $17 {...Re1+ is the strong threat.} 90. Ra5+ Kf6) 90. Ra5+ $11 Kf6 (90... Kg6 $5 91. Rg5+ $8 Kf7 92. Rxg4 Kf6 $11) 91. Rf5+ Kxf5 $2 {[%mdl 8192] Accuracy: White = 61%, Black = 51%.} (91... Kg7 92. Rg5+ Kf7 93. Rxg4 Kf6) 1/2-1/2

[Event "Szczawno Festival IM 2018"]
[Site "Szczawno"]
[Date "2018.12.19"]
[Round "6"]
[White "Kislinsky, Alexey"]
[Black "Karpus, Michal"]
[Result "1-0"]
[WhiteElo "2425"]
[BlackElo "2355"]
[Annotator "TA"]
[PlyCount "71"]
[EventDate "2018.12.14"]
[EventType "tourn"]
[EventCountry "POL"]
[SourceTitle "playchess.com"]
[Source "ChessBase"]
[SourceQuality "1"]

{[%evp 12,71,-18,-34,-11,0,63,56,63,19,29,20,22,14,41,51,57,33,25,38,81,72,100,92,97,97,120,116,229,233,245,239,239,199,202,204,220,201,210,213,224,235,197,193,214,217,337,347,318,249,239,206,248,265,230,239,206,202,29979,29980,29978,29979]} 1. e4 e5 {[%cal Be7e5,Be5f4][%mdl 32]} 2. f4 d5 3. exd5 exf4 4. Nf3 Nf6 5. c4 c6 6. d4 cxd5 7. c5 {LiveBook: 7 Games} Nc6 {C36: King's Gambit Accepted: 3 Nf3 d5} 8. Bxf4 (8. Bb5 Be7 9. O-O O-O 10. Bxf4 Bg4 11. Nc3 Ne4 12. Qd3 Bf5 13. Qe3 Bf6 14. Bxc6 bxc6 15. Ne5 Bxe5 16. Bxe5 {1-0 (43) Carlsen,M (2837)-Chadaev,N (2580) Astana 2012}) 8... Ne4 (8... Bg4 $11) 9. Nc3 $14 g5 $146 {White is slightly better.} ({Predecessor:} 9... Bg4 10. Qb3 Bxf3 11. Qxb7 Nxd4 12. Bb5+ Nxb5 13. Qc6+ Qd7 14. Qxa8+ Ke7 {1-0 (31) Ershov,V-Pushkarev USSR 1971}) 10. Nxe4 gxf4 11. Nc3 Bg4 12. Bb5 {And now Qa4 would win.} Bg7 13. O-O O-O 14. Bxc6 $1 bxc6 15. Qd2 $36 {[%mdl 2048] White fights for an advantage.} Bxf3 16. Rxf3 Bh6 17. Ne2 Re8 18. Nxf4 Re4 {[#]} 19. Qf2 $1 Bxf4 (19... Bg7 $16 {was worth a try.} 20. Rd1 Qg5) 20. Rxf4 $18 Rxf4 21. Qxf4 $16 {[%mdl 4096] Endgame KQR-KQR} Qe7 22. Qg3+ Kh8 23. Re1 Qf6 24. Qf2 Kg7 25. Qe3 h6 26. Rf1 Qg5 27. Qf3 Rf8 28. b4 Qd2 (28... a6 $142 29. Kh1 Qh4) 29. Qf6+ $18 Kh7 30. h3 ({But not} 30. Qxc6 Qxd4+ 31. Kh1 Qc4 $18) 30... Qxb4 31. Qf5+ Kg8 32. Qg4+ Kh7 33. Rf6 Qb1+ 34. Kh2 Qxa2 $2 {[#]} (34... Qb8+ $18 35. Qg3 Qxg3+ 36. Kxg3 Re8 37. Rxf7+ (37. Rxc6 Re4 $18) 37... Kg6 38. Rxa7 h5) 35. Qf4 Kg8 36. Rxh6 {Accuracy: White = 78%, Black = 38%.} 1-0

[Event "Szczawno Festival IM 2018"]
[Site "Szczawno"]
[Date "2018.12.19"]
[Round "6"]
[White "Simantsev, Mikhail"]
[Black "Sliwicka, Alicja"]
[Result "1/2-1/2"]
[WhiteElo "2404"]
[BlackElo "2236"]
[Annotator "ChessBase"]
[PlyCount "119"]
[EventDate "2018.12.14"]
[EventType "tourn"]
[EventCountry "POL"]
[SourceTitle "playchess.com"]
[Source "ChessBase"]
[SourceQuality "1"]
[TimeControl "40/5400+30:900+30"]

1. d4 {[%emt 0:16:11]} d5 {[%emt 0:00:00]} 2. c4 {[%emt 0:00:35]} dxc4 {[%emt 0:00:00]} 3. e4 {[%emt 0:01:11]} c5 {[%emt 0:00:00]} 4. d5 {[%emt 0:00:19]} Nf6 {[%emt 0:00:00]} 5. Nc3 {[%emt 0:01:21]} b5 {[%emt 0:00:00]} 6. Bf4 {[%emt 0:00:52]} Qa5 {[%emt 0:00:12]} 7. f3 {[%emt 0:17:07]} Na6 {[%emt 0:38:14]} 8. a4 {[%emt 0:08:35]} b4 {[%emt 0:02:50]} 9. Nb5 {[%emt 0:03:29]} g5 {[%emt 0:08:17]} 10. Be5 {[%emt 0:09:08]} Rg8 {[%emt 0:02:48]} 11. Bxf6 {[%emt 0:06:53]} exf6 {[%emt 0:00:11]} 12. Bxc4 {[%emt 0:00:08]} Nc7 {[%emt 0:12:48]} 13. Ne2 {[%emt 0:18:23]} a6 {[%emt 0:01:14]} 14. d6 {[%emt 0:04:16]} axb5 {[%emt 0:03:02]} 15. dxc7 {[%emt 0:02:56]} Qxc7 {[%emt 0:00:35]} 16. Qd5 {[%emt 0:03:10]} Ra7 {[%emt 0:02:12]} 17. Bxb5+ {[%emt 0:00:08]} Bd7 {[%emt 0:00:30]} 18. Bc4 {[%emt 0:00:33]} Be6 {[%emt 0:00:43]} 19. Bb5+ {[%emt 0:00:01]} Bd7 {[%emt 0:00:34]} 20. O-O {[%emt 0:00:18]} Bd6 {[%emt 0:01:30]} 21. Bxd7+ {[%emt 0:01:42]} Qxd7 {[%emt 0:00:28]} 22. Rfd1 {[%emt 0:00:30]} Ke7 {[%emt 0:03:15]} 23. e5 {[%emt 0:02:18]} fxe5 {[%emt 0:00:52]} 24. Ng3 {[%emt 0:00:00]} Rg6 {[%emt 0:01:19]} 25. b3 {[%emt 0:00:56]} Rc7 {[%emt 0:05:02]} 26. Qc4 {[%emt 0:01:06]} g4 {[%emt 0:02:19]} 27. Kh1 {[%emt 0:00:49]} gxf3 {[%emt 0:00:35]} 28. gxf3 {[%emt 0:00:16]} Qh3 {[%emt 0:00:50]} 29. Rg1 {[%emt 0:00:23]} Rh6 {[%emt 0:01:12]} 30. Rg2 {[%emt 0:00:13]} Rf6 {[%emt 0:01:41]} 31. Rd1 Qe6 {[%emt 0:02:35]} 32. Rd5 {[%emt 0:01:34]} Rxf3 {[%emt 0:01:47]} 33. Rgd2 {[%emt 0:00:32]} Rd7 {[%emt 0:02:03]} 34. Qh4+ {[%emt 0:00:20]} Qf6 {[%emt 0:01:14]} 35. Qxf6+ {[%emt 0:00:28]} Rxf6 {[%emt 0:00:35]} 36. Ne4 {[%emt 0:00:04]} Rg6 {[%emt 0:00:24]} 37. h3 {[%emt 0:01:07]} f5 {[%emt 0:00:55]} 38. Nxd6 {[%emt 0:00:31]} Rgxd6 {[%emt 0:00:48]} 39. Rxe5+ {[%emt 0:00:07]} Kf6 {[%emt 0:00:13]} 40. Rxd6+ {[%emt 0:00:00]} Rxd6 {[%emt 0:00:00]} 41. Rxc5 {[%emt 0:00:22]} Rd3 {[%emt 0:00:43]} 42. Kg2 {[%emt 0:04:21]} Rxb3 {[%emt 0:00:19]} 43. Rb5 {[%emt 0:01:30]} Kg5 {[%emt 0:01:11]} 44. a5 {[%emt 0:01:05]} Rb2+ {[%emt 0:01:37]} 45. Kg3 {[%emt 0:01:12]} Rb3+ {[%emt 0:00:15]} 46. Kg2 {[%emt 0:00:13]} Ra3 {[%emt 0:03:37]} 47. Rxb4 {[%emt 0:02:49]} Rxa5 {[%emt 0:00:05]} 48. h4+ {[%emt 0:02:05]} Kh5 {[%emt 0:00:28]} 49. Kg3 {[%emt 0:00:11]} Ra1 {[%emt 0:01:00]} 50. Rb5 {[%emt 0:00:37]} Ra3+ {[%emt 0:01:51]} 51. Kf4 {[%emt 0:00:34]} Kxh4 {[%emt 0:02:06]} 52. Rxf5 {[%emt 0:00:43]} Ra1 {[%emt 0:01:17]} 53. Ke3 {[%emt 0:00:12]} Kg4 {[%emt 0:00:31]} 54. Rf7 {[%emt 0:00:11]} h5 {[%emt 0:00:15]} 55. Kf2 {[%emt 0:00:07]} h4 {[%emt 0:00:33]} 56. Kg2 {[%emt 0:00:36]} Ra2+ {[%emt 0:00:15]} 57. Rf2 {[%emt 0:01:08]} h3+ {[%emt 0:00:48]} 58. Kg1 {[%emt 0:00:10]} h2+ {[%emt 0:01:21]} 59. Rxh2 {[%emt 0:00:02]} Rxh2 {[%emt 0:00:06]} 60. Kxh2 {[%emt 0:00:01]} 1/2-1/2